2020 U.S. Olympic Gymnasts - Statistics

General Stats
  • This quiz has been taken 34 times
  • The average score is 7 of 20
Answer Stats
Hint Answer % Correct
Women's team Simone Biles
97%
Sunisa Lee
77%
Jordan Chiles
68%
Women's individual #1 Jade Carey
65%
Grace McCallum
48%
Women's individual #2 MyKayla Skinner
48%
Women's replacement athletes Kayla DiCello
42%
Leanne Wong
42%
Men's team Brody Malone
39%
Kara Eaker
32%
Sam Mikulak
26%
Emma Malabuyo
23%
Yul Moldauer
23%
Men's individual Alec Yoder
19%
Shane Wiskus
19%
Allan Bower
6%
Brandon Briones
6%
Akash Modi
3%
Alex Diab
3%
Men's replacement athletes Cameron Bock
3%
No matching quizzes found
Score Distribution
Percent of People with Each Score
Percentile by Number Answered
Your Score History
You have not taken this quiz